La historia de la iglesia en la dispensación del cumplimiento de los tiempos (Registro nro. 13148)

Detalles MARC
000 -LIDER
fixed length control field 00513nam a22001697a 4500
003 - IDENTIFICACDOR DE NÚMERO DE CONTROL
control field DO-SdBNP
005 - DATE AND TIME OF LATEST TRANSACTION
control field 20171128092601.0
008 - ELEMENTOS DE LONGITUD FIJA
fixed length control field 171128b 1989us||||| |||| 00| 0 spa d
040 ## - FUENTE DE CATALOGACIÓN
Agencia que crea de manera original el registro BPMSU
Idioma de catalogación spa
Agencia que realiza la transcripción BPMSU
245 ## - MENCIÓN DE TITULO
Título La historia de la iglesia en la dispensación del cumplimiento de los tiempos
260 ## - PUBLICACIÓN, DISTRIBUCIÓN, ETC. (PIE DE IMPRENTA)
Lugar de publicación, distribución, etc Salt Lake City, Utah,
Fecha de publicación, distribución, etc 1989
300 ## - DESCRIPCIÓN FÍSICA
Extensión v.,
Otros detalles físicos il. , retrs, mapas ;
Dimensiones 27 cm.
490 1# - MENCIÓN DE SERIES
Mención de serie Religión
Volume/sequential designation 341-343
500 ## - NOTA GENERAL
Nota general Incluye índice
942 ## - ADDED ENTRY ELEMENTS (KOHA)
Source of classification or shelving scheme Dewey Decimal Classification
Koha item type Libros
945 ## - INFORMACIÓN DE PROCESAMIENTO LOCAL
Información de procesamiento local Inventariado, 2017/MFF
Existencias
Withdrawn status Lost status Source of classification or shelving scheme Damaged status Not for loan Collection code Home library Current library Date acquired Total Checkouts Barcode Date last seen Price effective from Koha item type
    Dewey Decimal Classification     Colección General Biblioteca Pública Metropolitana Salomé Ureña Biblioteca Pública Metropolitana Salomé Ureña 11/28/2017   BPMSU17110476 11/28/2017 11/28/2017 Libros